Statistics for Top 100 Washington Commanders of All Time

Click here to take the quiz!

General Stats

  • This quiz has been taken 36 times
  • The average score is 23 of 100

Answer Stats

PositionPlayer% Correct
QBJoe Theismann
84%
FSSean Taylor
81%
WRCharley Taylor
78%
QBDoug Williams
78%
TEJerry Smith
78%
LTTrent Williams
78%
WRArt Monk
75%
CBDarrell Green
75%
RBJohn Riggins
72%
QBKirk Cousins
69%
QBSammy Baugh
69%
QBRobert Griffin III
59%
RBClinton Portis
56%
WRRicky Sanders
53%
QBMark Rypien
50%
WRSantana Moss
50%
QBSonny Jurgensen
50%
DTCornelius Griffin
47%
LBLondon Fletcher
47%
GTre' Johnson
47%
DEDexter Manley
44%
RBLarry Brown
44%
LGRay Brown
44%
CBChamp Bailey
41%
WRGary Clark
41%
OLJoe Jacoby
41%
DECharles Mann
38%
KMark Moseley
38%
LGRuss Grimm
38%
CJeff Bostic
34%
LBRyan Kerrigan
34%
RBStephen Davis
34%
QBBilly Kilmer
28%
TEChris Cooley
28%
SSTony Peters
28%
HB/WRBobby Mitchell
25%
RB/STBrian Mitchell
25%
DTDave Butz
25%
RBMike Thomas
25%
WRPierre Garcon
25%
RGRandy Thomas
25%
LBChris Hanburger
22%
QBJason Campbell
22%
SSKen Houston
22%
LBLaVar Arrington
22%
LTChris Samuels
16%
LBWilber Marshall
16%
RBEarnest Byner
13%
LBMarcus Washington
13%
LBSam Huff
13%
LBBrian Orakpo
9%
LTJim Lachey
9%
RGMark May
9%
FSMark Murphy
9%
LBMonte Coleman
9%
OTMorgan Moses
9%
CBPat Fischer
9%
FSPaul Krause
9%
CBVernon Dean
9%
DEAndre Carter
6%
LBAndre Collins
6%
DBDeAngelo Hall
6%
RTEd Simmons
6%
RTJon Jansen
6%
DEPhillip Daniels
6%
OLRaleigh McKenzie
6%
WRRoy Jefferson
6%
DBBrig Owens
3%
CCasey Rabach
3%
FBCharlie Harraway
3%
DTDarryl Grant
3%
DTDiron Talbert
3%
CBFred Smoot
3%
LBKen Harvey
3%
RBLadell Betts
3%
CBLemar Parrish
3%
CLen Hauss
3%
WRMichael Westbrook
3%
LBRocky McIntosh
3%
RGVince Promuto
3%
DTBill Brundige
0%
LBBrad Dusek
0%
DECarl Kammerer
0%
LGDerrick Dockery
0%
RTGeorge Starke
0%
LBHarold McLinton
0%
WRHenry Ellard
0%
OTJim Snowden
0%
CBJoe Lavender
0%
DTJoe Rutgens
0%
DEJohn Paluck
0%
OLKory Lichtensteiger
0%
LBMel Kaufman
0%
CBMike Bass
0%
LBNeal Olkewicz
0%
LGPaul Laaveg
0%
LGRay Schoenke
0%
LBRich Milot
0%
DERon McDole
0%
LTTerry Hermeling
0%

Score Distribution

Percentile by Number Answered

Percent of People with Each Score

Your Score History

You have not taken this quiz